STRUCTURAL change, fundamentals, and growth a framework and case studies
Saved in:
| Hovedforfatter: | |
|---|---|
| Format: | Bog |
| Sprog: | engelsk |
| Udgivet: |
International Food Policy Research Institute
2016
|
| Tags: |
Tilføj Tag
Ingen Tags, Vær først til at tagge denne postø!
|
MARC
| LEADER | 00000nam a22000007a 4500 | ||
|---|---|---|---|
| 008 | 210420b ||||| |||| 00| 0 eng d | ||
| 020 | |a : 978-0-89629-214-7 | ||
| 100 | |a Margaret McMillan | ||
| 245 | |a STRUCTURAL change, fundamentals, and growth |b a framework and case studies |c McMillan, Margaret | ||
| 250 | |c Margaret McMillan, Dani Rodrik [and] Claudia Sepulveda | ||
| 260 | |b International Food Policy Research Institute |c 2016 |h Washington, DC |i 690584 |l HD1417 .St8 |m Agriculture – Economic aspects – Developing countries – Case studies |m Agricultural productivity – Developing countries – Case studies |m Economic development | ||
| 500 | |a “It includes index” | ||
| 942 | |a lcc |c BK |e Mr ogunleye |f 20/4/2021 | ||
| 952 | |0 0 |1 0 |2 lcc |4 0 |6 HD1417 S T8 |7 0 |9 2225 |a HOL |b HOL |d 2021-04-20 |l 0 |o HD1417 .St8 |p 2021-6079 |r 2021-04-20 00:00:00 |w 2021-04-20 |y BK | ||
| 999 | |c 1160 |d 1160 | ||